| 000 | 00369nam a22001457a 4500 | ||
|---|---|---|---|
| 020 | _a0-7131-3574-3 | ||
| 082 | _a621.8 HAN'M | ||
| 100 |
_aHANNAH, J, STEPHENS, R. C _966519 |
||
| 245 | _aMECHANICS OF MACHINES, ELEMENTARY THEORY AND EXAMPLES | ||
| 250 | _a4TH298P | ||
| 260 |
_bARNOLD _c1986 |
||
| 300 | _a298P | ||
| 650 |
_aMACHINERY MACHINES _966520 |
||
| 942 | _cBK | ||
| 999 |
_c574484 _d574484 |
||